000 00654nam a2200289Ia 4500
005 20260324132736.0
008 008 260324s9999 xx 000 0 eng d
020 _a9780203413739
037 _aEBOOK
040 _aCRL
040 _beng
040 _cCRL
041 _2eng
041 _aeng
084 _qCRL
100 _aJohn Agnew
_91190449
245 0 _aGeopolitics
245 0 _bRe-Visioning World Politics
260 _bTaylor and Francis
260 _c2004
365 _a
365 _b300
856 _uhttp://www.taylorfrancis.com/books/9780203413739
942 _cEBOOK
999 _c1788803
_d1788803